Harry Potter emoticons Quiz Stats

 Plays Quiz not verified by Sporcle

Score 0/16 Timer 05:00
0 Plays Today
Emoticon Character % Correct
N8' )Harry Potter
87.8%
< (8-{)>>>Dumbledore
67.3%
< (;-)Ron Weasley
66%
< (:-) >>>Hermione (reading)
54.7%
(*^*)Hedwig
48%
< (:-) (-:) >Weasley Twins
37.8%
(='-'=)Crookshanks
36.8%
< )8A( Severus Snape
31.4%
Emoticon Character % Correct
@:-) Professor Quirrell
19.5%
>__(,, ,,*>Scabbers
14.9%
:-{[ )Uncle Vernon
8.8%
0:-8)))))Dudley Dursley
7.1%
>(:-o====Aunt Petunia
5.6%
< ([:-)Viktor Krum
1.6%
< (:~o Narcissa Malfoy
1.4%
:)|||||||| Ludo Bagman
1.2%

You're not logged in!

Compare scores with friends on all Sporcle quizzes.
OR
Log In

Show Comments

Extras

Top Quizzes Today


Score Distribution

Your Account Isn't Verified!

In order to create a playlist on Sporcle, you need to verify the email address you used during registration. Go to your Sporcle Settings to finish the process.

Report this User

Report this user for behavior that violates our Community Guidelines.

Details: